|
|
|
|
| LEADER |
00985nam a2200253 a 4500 |
| 001 |
14946038 |
| 008 |
101021s2008 njuab b 001 0 eng d |
| 010 |
|
|
|a 2007031279
|
| 020 |
|
|
|a 9780131358294
|
| 020 |
|
|
|a 9780136017226
|
| 020 |
|
|
|a 0136017223
|
| 040 |
|
|
|a DLC
|c DLC
|d BAKER
|d BTCTA
|d YDXCP
|d C#P
|d DLC
|d BD-DhAAL
|
| 082 |
0 |
0 |
|a 004
|2 22
|
| 100 |
1 |
|
|a Reed, David,
|c Ph. D.
|
| 245 |
1 |
2 |
|a A balanced introduction to computer science /
|c David Reed.
|
| 250 |
|
|
|a 2nd ed.
|
| 260 |
|
|
|a Upper Saddle River, NJ 07468 :
|b Pearson Prentice Hall,
|c c2008.
|
| 300 |
|
|
|a xix, 380 p. :
|b ill. (some col.), maps ;
|c 26 cm.
|
| 504 |
|
|
|a Includes bibliographical references and index.
|
| 541 |
1 |
|
|e 00021421
|
| 650 |
|
0 |
|a Computer science.
|
| 852 |
4 |
|
|a Ayesha Abed Library
|j General Shelf.
|
| 999 |
|
|
|c 9854
|d 9854
|
| 952 |
|
|
|0 0
|1 0
|2 ddc
|4 0
|6 004_REE_200800000000000
|7 0
|9 12631
|a BRACUL
|b BRACUL
|c GEN
|d 2010-10-21
|e Essence Science Publications
|l 7
|m 23
|o 004 REE
|p 3010021421
|r 2024-11-11
|s 2024-10-31
|t 1
|w 2010-10-21
|y BK
|